000 00260nam a2200121Ia 4500
008 190216s9999||||xx |||||||||||||| ||und||
100 _aLeo Tolstoy
245 0 _aResurrection
260 _bRaduga Pub
_c1990
300 _a495p
650 _aNovel
942 _cBK
999 _c13559
_d13559